101 CASES IN RESPIRATORY MEDICINE (Record no. 216897)

MARC details
000 -LEADER
fixed length control field 00503nam a22001577a 4500
008 - FIXED-LENGTH DATA ELEMENTS--GENERAL INFORMATION
fixed length control field 260330b |||||||| |||| 00| 0 eng d
020 ## - INTERNATIONAL STANDARD BOOK NUMBER
International Standard Book Number 978-93-5270-311-1
100 ## - MAIN ENTRY--PERSONAL NAME
Personal name SARKAR SUPRIYA
245 ## - TITLE STATEMENT
Title 101 CASES IN RESPIRATORY MEDICINE
260 ## - PUBLICATION, DISTRIBUTION, ETC.
Place of publication, distribution, etc. NEW DELHI
Name of publisher, distributor, etc. THE HEALTH SCIENCES PUBLISHER
Date of publication, distribution, etc. 2018
300 ## - PHYSICAL DESCRIPTION
Extent XIX, 420P.
500 ## - GENERAL NOTE
General note INCLUDES INDEX
650 ## - SUBJECT ADDED ENTRY
Topical term or geographic name entry element 1. RESPIRATORY MEDICINE - CASE STUDIES 2. RESPIRATORY SYSTEMS - DISEASES - CASE STUDIES
942 ## - ADDED ENTRY ELEMENTS (KOHA)
Source of classification or shelving scheme Library of Congress Classification
Koha item type Long Loan Book
Holdings
Withdrawn status Lost status Source of classification or shelving scheme Damaged status Not for loan Collection Home library Current library Shelving location Date acquired Inventory number Total checkouts Full call number Barcode Date last seen Copy number Price effective from Koha item type
    Library of Congress Classification     Medicine Kisii University Library Kisii University Library On Display 03/30/2026 112647   RC 731 .S27 2018 a000274 03/30/2026 1 03/30/2026 Long Loan Book
    Library of Congress Classification     Medicine Kisii University Library Kisii University Library On Display 03/30/2026 112648   RC 731 .S27 2018 a000272 03/30/2026 2 03/30/2026 Long Loan Book
    Library of Congress Classification     Medicine Kisii University Library Kisii University Library On Display 03/30/2026 112649   RC 731 .S27 2018 a000275 03/30/2026 3 03/30/2026 Long Loan Book
    Library of Congress Classification     Medicine Kisii University Library Kisii University Library On Display 03/30/2026 112650   RC 731 .S27 2018 a000276 03/30/2026 4 03/30/2026 Long Loan Book